|
|
|
|
| LEADER |
00000nab a2200000 a 4500 |
| 001 |
vtls000410310 |
| 003 |
SK-MaSNL |
| 005 |
20260318132848.0 |
| 008 |
160215c1990 xo 0 hun |
| 015 |
|
|
|a SNBRB19rr/mm-uuuuu
|
| 035 |
|
|
|a CL0410434
|
| 040 |
|
|
|a SNKBUCL
|b slo
|c SNKBUCL
|e AACR2
|
| 041 |
0 |
|
|a slo
|
| 044 |
|
|
|a xo
|c SK
|
| 080 |
|
|
|a 82:061.7=945.11
|2 1981
|
| 080 |
|
|
|a 061.7=945.11
|2 1981
|
| 080 |
|
|
|a 82
|2 1981
|
| 080 |
|
|
|a 929
|2 1981
|
| 080 |
|
|
|a 894.511 (437)=945.11
|2 1981
|
| 080 |
|
|
|a 894.511 (437)
|2 1981
|
| 080 |
|
|
|a 929 Grendel, Lajos
|2 1981
|
| 080 |
|
|
|a 929 Hubik, István
|2 1981
|
| 100 |
1 |
|
|a Wlachovský, Karol,
|d 1941-
|4 aut
|9 108581
|
| 245 |
1 |
0 |
|a Madách Imre-díjak
|c Karol Wlachovský ; Lajos Grendel, István Hubik
|
| 600 |
1 |
7 |
|a Grendel, Lajos,
|d 1948-2018
|2 snkbucl
|9 185584
|
| 600 |
1 |
7 |
|a Hubik, István,
|d 1916-1994
|2 snkbucl
|9 156408
|
| 650 |
0 |
7 |
|a literárne ceny
|2 snkbucl
|9 72846
|
| 655 |
|
7 |
|a články z novín a časopisov
|2 snkbucl
|9 267496
|
| 655 |
|
7 |
|a články z odboru literárna veda a krásna literatúra
|2 snkbucl
|9 770045
|
| 773 |
0 |
|
|t Irodalmi szemle
|g Roč. 33, č. 9 (1990), s. 1005-1006
|
| 850 |
|
|
|a Slovenská národná knižnica v Martine
|a MTA001
|
| 852 |
|
|
|a SNK
|b KIS3GCP
|
| 958 |
|
|
|a BX
|
| 958 |
|
|
|a RK
|
| 958 |
|
|
|a HU
|
| 958 |
|
|
|a LX
|
| 992 |
|
|
|a RBX
|
| 999 |
|
|
|c 2159821
|d 2161751
|